000 00714nam a2200229 i 4500
001 18091
003 ES-MaACL
005 20231222205018.0
007 t|
008 010820s2001 sp ||||1| spa d
020 _a84-01-37735-8
080 _a821.134.2-14"19"
100 1 _aMartín Gaite, Carmen,
_d1925-2000
_977496
245 1 0 _aPoemas /
_cCarmen Martín Gaite.
250 _a1ª ed.
260 _aBarcelona :
_bPlaza & Janés,
_c2001.
300 _a159 p. :
_bil. ;
_c22 cm +
_e1 disco (CD CDA)
600 1 4 _aMartín Gaite, Carmen,
_d1925-2000-
_vCD-ROM
_977497
852 _aES-MaACL
_jL-24830
_bR.130167
_z. - Libro
852 _aES-MaACL
_jROT 2/1/18
_z. - CD-ROM
999 _c18091
_d18091